000 01030nam a22002897a 4500
003 DO-SdBNP
005 20230810092442.0
007 ta
008 220125b2021 ||||| |||| 00| 0 spa d
020 _a9789945929874
040 _aDO-SdBNP
_bspa
_cBNPHU
082 _axxx
_bL864d
100 1 _aLópez, María Fernanda
_982801
245 _aDocumento de trabajo para la revisión de las iniciativas legislativas para :
_bla regulación del trabajo doméstico desde un enfoque de derechos /
_cMaría Fernanda López, María Graciela Cuervo
264 1 _aSanto Domingo :
_bFriedrich Eberto Stiftung,
_c2021.
300 _a7 paginas
_c30 cm
336 _2rdacontent
_atexto
_btxt
337 _2rdamedia
_asin mediación
_bn
338 _2rdacarrier
_avolumen
_bnc
490 1 _aTrabajo y justicia social ;
490 1 _aApuntes :
500 _aIncluye datos de las autoras en la última página.
590 _aInventariado, 2022 / DG
700 _aCuervo, María Graciela
_eautora
_982802
910 _aDG
942 _2ddc
_cLF2
999 _c52894
_d52894